Повышение эксплуатационной надёжности промысловых трубопроводов путём комплексного применения внутритрубной очистки и ингибирования; Проблемы геологии и освоения недр; Т. 2

Bibliografiske detaljer
Parent link:Проблемы геологии и освоения недр: труды XIV Международного симпозиума имени академика М. А. Усова студентов и молодых ученых, посвященного 65-летию Победы советского народа над фашистской Германией в Великой Отечественной войне 1941-1945 гг., 5-9 апреля 2010 г. г. Томск/ Томский политехнический университет (ТПУ), Институт геологии и нефтегазового дела (ИГНД) ; под ред. В. А. Домаренко.— , 2010.— 978-5-98298-729-7
Т. 2.— 2010.— С. 227-229
Hovedforfatter: Федин Д. В. Дмитрий Владимирович
Andre forfattere: Крец В. Г. Виктор Георгиевич (научный руководитель)
Sprog:russisk
Udgivet: 2010
Fag:
Format: MixedMaterials Book Chapter
KOHA link:https://koha.lib.tpu.ru/cgi-bin/koha/opac-detail.pl?biblionumber=192508

MARC

LEADER 00000naa2a2200000 4500
001 192508
005 20260123114146.0
035 |a (RuTPU)RU\TPU\book\209924 
090 |a 192508 
100 |a 20110302d2010 k y0rusy50 ca 
101 0 |a rus 
102 |a RU 
200 1 |a Повышение эксплуатационной надёжности промысловых трубопроводов путём комплексного применения внутритрубной очистки и ингибирования  |f Д. В. Федин  |g науч. рук. В. Г. Крец 
320 |a Библиогр.: 3 назв. 
461 1 |0 (RuTPU)RU\TPU\book\205901  |y 978-5-98298-729-7  |t Проблемы геологии и освоения недр  |o труды XIV Международного симпозиума имени академика М. А. Усова студентов и молодых ученых, посвященного 65-летию Победы советского народа над фашистской Германией в Великой Отечественной войне 1941-1945 гг., 5-9 апреля 2010 г. г. Томск  |o в 2 т.  |f Томский политехнический университет (ТПУ), Институт геологии и нефтегазового дела (ИГНД) ; под ред. В. А. Домаренко  |d 2010 
463 1 |0 (RuTPU)RU\TPU\book\205109  |y 978-5-98298-731-0  |t Т. 2  |v С. 227-229  |d 2010 
610 1 |a промысловые трубопроводы 
610 1 |a надёжность 
610 1 |a очистка 
610 1 |a ингибирование 
610 1 |a труды учёных ТПУ 
700 1 |a Федин  |b Д. В.  |c специалист в области транспорта и хранения нефти и газа  |c аспирант Томского политехнического университета  |f 1987-  |g Дмитрий Владимирович  |3 (RuTPU)RU\TPU\pers\28650 
702 1 |a Крец  |b В. Г.  |c специалист в области нефтегазового дела  |c доцент Томского политехнического университета, кандидат технических наук  |f 1942-  |g Виктор Георгиевич  |4 727 
801 1 |a RU  |b 63413507  |c 20110302 
801 2 |a RU  |b 63413507  |c 20140123  |g RCR 
942 |c BK